| 000 | 00335nam a2200133 i 4500 | ||
|---|---|---|---|
| 001 | bg | ||
| 100 | 1 | _aKOZAKIEWICZ, Helena | |
| 245 | 0 |
_aInna socjologia : _bstudium zapoznanej metody / _cHelena Kozakiewicz. |
|
| 260 |
_aWarszawa, _c1983. |
||
| 040 | _cBPK | ||
| 041 | _apol | ||
| 942 | _cKS | ||
| 008 | s pl f |000 0 pol | ||
| 999 |
_c22222 _d22222 |
||
| 856 |
_uhttp://koha.tu.koszalin.pl/cgi-bin/koha/opac-detail.pl?biblionumber=22222 _yKatalog online BPK |
||